| 000 | 01582cam a2200301 a 4500 | ||
|---|---|---|---|
| 001 | 3933185 | ||
| 003 | OSt | ||
| 005 | 20230605110539.0 | ||
| 008 | 920804s1992 enkab b 101 0 eng | ||
| 010 | _a 92194870 | ||
| 020 | _a1856490378 | ||
| 040 |
_aDLC _cDLC _dDLC |
||
| 050 | 0 | 0 |
_aTJ163.15 _b.E53345 1992 |
| 082 | 0 | 0 |
_a333.7915091734 _220 _bBHA |
| 245 | 0 | 0 |
_aEnergy for rural development : _bproceedings of the United Nations Group of Experts on the Role of New and Renewable Sources of Energy in Integrated Rural Development, organized by the New and Renewable Sources of Energy Section, Department of International Economic and Social Affairs (DIESA), United Nations, at Stockholm, Sweden, 22-26 January 1990 / _cedited and introduced by M.R. Bhagavan & Stephen Karekezi. |
| 260 |
_aLondon ; _aNew Jersey : _bZed Books, _c1992. |
||
| 300 |
_axv, 258 p. : _bill., 1 map ; _c23 cm. |
||
| 504 | _aIncludes bibliographical references and index. | ||
| 650 | 0 |
_aPower resources _xCongresses. |
|
| 650 | 0 |
_aRural development _xCongresses. |
|
| 700 | 1 |
_aBhagavan, M. R., _d1934- |
|
| 700 | 1 | _aKarekezi, Stephen. | |
| 710 | 2 |
_aUnited Nations. _bGroup of Experts on the Role of New and Renewable Sources of Energy in Integrated Rural Development. |
|
| 710 | 2 |
_aUnited Nations. _bDepartment of International Economic and Social Affairs. _bNew and Renewable Sources of Energy Section. |
|
| 906 |
_a7 _bcbc _corignew _d2 _encip _f19 _gy-gencatlg |
||
| 942 |
_2ddc _cBK |
||
| 999 |
_c288 _d288 |
||